000 01129cam a22002895a 4500
999 _c130000
_d130000
001 15153703
003 ARRUPE
005 20191113092109.0
008 080125s2007 rh ab b 001 0 eng
010 _a 2008346135
020 _a9781779220660
020 _a9781770094093
020 _a9789970027545
040 _aDLC
_cDLC
_dDLC
042 _alcode
043 _af-fs---
050 0 0 _aRA395.A357
_bR43 2007
245 0 0 _aReclaiming the resources for health :
_ba regional analysis of equity in health in East and Southern Africa /
_cRegional Network for Equity in Health in East and Southern Africa.
260 _aHarare, Zimbabwe :
_bPublished by EQUINET in association with Weaver Press ;
_a[Kampala] :
_bFountain Publishers ;
_aSouth Africa :
_bJacana,
_cc2007.
300 _axi, 227 p. :
_bchiefly col. ill., col. maps ;
_c27 cm.
504 _aIncludes bibliographical references and index.
650 0 _aMedical care
_zAfrica, Sub-Saharan.
_948599
710 2 _aEQUINET (Organization)
_948600
906 _a7
_bcbc
_corigode
_d3
_encip
_f20
_gy-gencatlg
942 _2lcc
_cMONOGRAPH